Vyakthiyum Communisavum / (Record no. 4506)
[ view plain ]
| 000 -LEADER | |
|---|---|
| fixed length control field | 00299cam a2200109ua 4500 |
| 082 ## - DEWEY DECIMAL CLASSIFICATION NUMBER | |
| Classification number | 335.43 |
| Item number | GOP/VY |
| 100 ## - MAIN ENTRY--AUTHOR NAME | |
| Personal name | Gopi, Indianoor . |
| 245 ## - TITLE STATEMENT | |
| Title | Vyakthiyum Communisavum / |
| 260 ## - PUBLICATION, DISTRIBUTION, ETC. (IMPRINT) | |
| Place of publication | Kottayam : |
| Name of publisher | Prabhatham Printing and Publishing Co. Pvt. Ltd. , |
| Year of publication | 1967. |
| 300 ## - PHYSICAL DESCRIPTION | |
| Number of Pages | 124 ; . |
| 942 ## - ADDED ENTRY ELEMENTS (KOHA) | |
| Koha item type | Books |
| Withdrawn status | Lost status | Damaged status | Home library | Current library | Date acquired | Full call number | Accession Number | Koha item type |
|---|---|---|---|---|---|---|---|---|
| Withdrawn | KAUAET | Malayalam University | 07/04/2012 | 335.43 | 11240 | Books |
